El ácido úrico en el organismo humano / (Record no. 35633)

MARC details
000 -LEADER
campo de control de longitud fija 00517nam a2200169 i 4500
001 - NÚMERO DE CONTROL
campo de control 35633
003 - IDENTIFICADOR DE NÚMERO DE CONTROL
campo de control ES-MaACL
005 - FECHA Y HORA DE LA ÚLTIMA TRANSACCIÓN
campo de control 20230911063133.0
007 - CAMPO FIJO DE DESCRIPCIÓN FÍSICA--INFORMACIÓN GENERAL
campo de control de longitud fija t|
008 - DATOS DE LONGITUD FIJA--INFORMACIÓN GENERAL
campo de control de longitud fija 030213s1918 sp ||||1| spa d
100 1# - ENTRADA PRINCIPAL--NOMBRE DE PERSONA
Nombre de persona Bosch Millares, Juan,
Fechas asociadas al nombre 1893-1983
9 (RLIN) 30662
245 13 - MENCIÓN DEL TÍTULO
Título El ácido úrico en el organismo humano /
Mención de responsabilidad, etc. Juan Bosch Millares.
260 ## - PUBLICACIÓN, DISTRIBUCIÓN, ETC.
Lugar de publicación, distribución, etc. Madrid :
Nombre del editor, distribuidor, etc. [s.n.,
Fecha de publicación, distribución, etc. 1918]
500 ## - NOTA GENERAL
Nota general Artículo premiado por "Los Progresos de la Clínica"
852 ## - LOCALIZACIÓN
Ubicación ES-MaACL
Número de control de estantería 1525-F-20
Holdings
Estatus retirado Estado de pérdida Estado de daño No para préstamo Colección Biblioteca de origen Biblioteca actual Ubicación en estantería Fecha de adquisición Fuente de adquisición Total de préstamos Signatura topográfica completa Código de barras Visto por última vez Precio de reemplazo Tipo de ítem Koha
        Colección de folletos Biblioteca del Ateneo de Madrid Biblioteca del Ateneo de Madrid Depósito folletos 17/01/2008     1525-F-20 1037315 23/02/2023 23/02/2023 Folleto